[Event "GCT Rapid YourNextMove"]
[Site "Leuven BEL"]
[Date "2018.06.13"]
[Round "5.2"]
[White "Mamedyarov,S"]
[Black "Karjakin,Sergey"]
[Result "1/2-1/2"]
[WhiteElo "2808"]
[BlackElo "2782"]

1.d4 Nf6 2.c4 e6 3.Nc3 Bb4 4.Qc2 d5 5.a3 Bxc3+ 6.Qxc3 Ne4 7.Qc2 c5 8.dxc5 Nc6
9.Nf3 Qa5+ 10.Nd2 Nxd2 11.Bxd2 Qxc5 12.e3 dxc4 13.Bxc4 Ne5 14.Bb3 Bd7 15.O-O Qxc2
16.Bxc2 Bc6 17.Rfd1 O-O 18.Bc3 Nd7 19.f3 Rfd8 20.e4 Nc5 21.a4 Rxd1+ 22.Bxd1 a5
23.Kf2 e5 24.Ke3 f6 25.b3 Bd7 26.Rc1 b6 27.Bb2 Be6 28.Rc3 Rd8 29.Bc2 Kf7
30.Ba3 Rc8 31.b4 axb4 32.Bxb4 Ke8 33.g3 g5 34.f4 exf4+ 35.gxf4 gxf4+ 36.Kxf4 Bd7
37.Bxc5 bxc5 38.a5 c4 39.Ra3 Ke7 40.Ke3 Rc5 41.a6 Bc6 42.Kd4 Rh5 43.h3 Kd6
44.Kxc4 Kc7 45.Kd4 Kb6 46.Ba4 Ba8 47.Bd7 Re5 48.Bf5 Re7 49.h4 h5 50.Rg3 Kxa6
51.Rg6 Bc6 52.Rxf6 Kb7 53.e5 Kc7 54.Rh6 Bf3 55.Ra6 Kd8 56.Ra3 Bb7 57.Rg3 Rf7
58.Rg5 Bf3 59.e6 Rc7 60.Rg8+ Ke7 61.Ke5 Rc5+ 62.Kf4 Bg4 63.Rg7+ Kf8 64.Rf7+ Ke8
65.Bg6 Rc4+ 66.Ke5 Bxe6 67.Kxe6 Kd8 68.Bf5 Rxh4 69.Rd7+ Kc8 70.Kd5 Kb8 71.Be4 Rh2
72.Kc6 Rh3 73.Rd8+ Ka7 74.Kc7 Ka6 75.Bc6 Ka5 76.Rb8 Rc3 77.Kd6 h4 78.Rb5+ Ka4
79.Rh5+ Kb4 80.Bd5 h3 81.Be6 Rd3+ 82.Ke5 Kc3 83.Bxh3 Re3+ 84.Kd5 Rd3+ 85.Kc5 Re3
86.Bf5 Re5+ 87.Kd6 Re3 88.Kd5 Rf3 89.Be4 Rg3 90.Kc5 Re3 91.Bd5 Rd3 92.Rh1 Re3
93.Ra1 Kb2 94.Ra2+ Kc3 95.Ra3+ Kd2 96.Bb3 Kc3 97.Bc4+ Kd2 98.Ra2+ Kc3 99.Kd5 Re7
100.Ra3+ Kb2 101.Rh3 Rd7+ 102.Kc5 Rd2 103.Kb4 Kc2 104.Ra3 Kb2 105.Bd3 Kc1
106.Kc4 Kb2 107.Rc3 Rf2 108.Rb3+ Kc1 109.Kd4 Rb2 110.Ra3 Kd2 111.Bc4 Kc1
112.Rh3 Kd2 113.Bb3 Kc1 114.Rg3 Kd2 115.Kc4 Kc1 116.Rd3 Rd2 117.Rc3+ Kb2
118.Kb4 Rd4+ 119.Bc4 Rd2 120.Bd3 Rf2 121.Be4 Re2 122.Rb3+ Kc1 123.Bd3 Rb2  1/2-1/2

[Event "GCT Rapid YourNextMove"]
[Site "Leuven BEL"]
[Date "2018.06.13"]
[Round "6.3"]
[White "Caruana,F"]
[Black "Mamedyarov,S"]
[Result "0-1"]
[WhiteElo "2816"]
[BlackElo "2808"]

1.e4 e5 2.Nf3 Nc6 3.Bb5 g6 4.c3 a6 5.Ba4 Bg7 6.d4 exd4 7.cxd4 b5 8.Bc2 d6
9.d5 Na5 10.O-O Nc4 11.Nc3 Ne7 12.Bd3 Nb6 13.a4 b4 14.Ne2 a5 15.Ned4 O-O
16.Bg5 Bd7 17.Qc2 f6 18.Be3 f5 19.Ne6 Bxe6 20.dxe6 c5 21.Rad1 f4 22.Bc1 Nc6
23.Bb5 Ne5 24.b3 Qe7 25.Nxe5 Bxe5 26.Bc6 Rac8 27.Bd5 Kg7 28.Rfe1 Qf6 29.Rd3 Rc7
30.g3 g5 31.Qe2 Kh8 32.Rf3 Qh6 33.Qb5 Qh5 34.Rd3 Nc8 35.Rd2 Rg7 36.Bb2 g4
37.Bxe5 Qxe5 38.Qxa5 Rg6 39.Qa6 Rh6 40.Qd3 fxg3 41.fxg3 Rf3 42.Qa6 Rxg3+
43.Kh1 Ne7 44.Qa8+ Kg7 45.Qe8 Qf6 46.e5 dxe5 47.Ba8 e4 48.Rf2 Rxh2+  0-1

[Event "GCT Rapid YourNextMove"]
[Site "Leuven BEL"]
[Date "2018.06.14"]
[Round "7.3"]
[White "Mamedyarov,S"]
[Black "Vachier Lagrave,M"]
[Result "1/2-1/2"]
[WhiteElo "2808"]
[BlackElo "2789"]

1.d4 Nf6 2.c4 g6 3.Nf3 Bg7 4.g3 c6 5.Bg2 d5 6.Qb3 O-O 7.O-O Qb6 8.Nc3 Rd8
9.Bd2 Bf5 10.Qa3 e6 11.e4 Nxe4 12.Nxe4 dxe4 13.Ba5 Qa6 14.Bxd8 Qxa3 15.bxa3 exf3
16.Bxf3 Nd7 17.Bg5 Bxd4 18.Rad1 e5 19.Rfe1 Nc5 20.Bf6 Nd7 21.Rxd4 exd4 22.Bxd4  1/2-1/2

[Event "GCT Rapid YourNextMove"]
[Site "Leuven BEL"]
[Date "2018.06.14"]
[Round "8.2"]
[White "Grischuk,A"]
[Black "Mamedyarov,S"]
[Result "1/2-1/2"]
[WhiteElo "2766"]
[BlackElo "2808"]

1.e4 e5 2.Nf3 Nc6 3.Bb5 a6 4.Ba4 Nf6 5.O-O Be7 6.Re1 d6 7.c3 Bg4 8.d3 Nd7
9.Bc2 O-O 10.Nbd2 Bg5 11.h3 Bxf3 12.Nxf3 Bxc1 13.Rxc1 Qf6 14.d4 Rad8 15.a3 Ne7
16.Nh2 c5 17.Ng4 Qg5 18.dxc5 Nxc5 19.Ne3 h5 20.Re2 Rd7 21.Rd2 Rfd8 22.Rb1 Ne6
23.Qf3 g6 24.Rbd1 Kg7 25.Kh2 b5 26.Bb3 Qf6 27.Qxf6+ Kxf6 28.h4 a5 29.Bc2 Nc7
30.a4 b4 31.cxb4 axb4 32.a5 Ne6 33.Ba4 Ra7 34.Rxd6 Rxa5 35.Bb3 Rxd6 36.Rxd6 Rc5
37.Rb6 Nc6 38.Nd5+ Kg7 39.Nxb4 Nxb4 40.Bxe6 Nc6 41.Bd5 Ne7 42.Bb3 f5 43.Rb7 Kf6
44.Rb6+ Kg7 45.Re6 Ng8 46.exf5 gxf5 47.Bd1 Nf6 48.b4 Rd5 49.Be2 Rd4 50.Rxe5 Rxh4+
51.Kg1 Rxb4 52.Rxf5 Kg6 53.Bd3 Rb3 54.Rd5+ Kg7 55.Rd4 Ra3 56.g3 Ra2 57.Bf5 Ra5
58.Bh3 Ra1+ 59.Kg2 Ra2 60.Be6 Re2 61.Bf5 Re5 62.Bd3 Ra5 63.Rb4 Ra7 64.Rb6 Rd7
65.Bb1 Rc7 66.Kh3 Rd7 67.Kh4 Rd4+ 68.f4 Rc4 69.Rb7+ Kh6 70.Rb6 Kg7 71.Rb7+ Kh6
72.Rf7 Rc6 73.Bf5 Ra6 74.Bd3 Rd6 75.Bf5 Ra6 76.Rb7 Ra1 77.Kh3 Rh1+ 78.Kg2 Ra1
79.Rf7 Ra6 80.Bd3 Rd6 81.Bf5 Ra6 82.Kh3 Rb6 83.Re7 Rb5 84.Re5 Rxe5 85.fxe5 Nd5
86.Kh4 Ne3 87.Be4 Ng4 88.e6 Kg7 89.Kg5 Kf8 90.Bf3 Ne5 91.Bxh5 Ke7 92.Kf5 Nc6
93.Bf7 Nd4+ 94.Ke5 Nf3+ 95.Kf4 Nd4 96.g4 Kf6 97.g5+ Ke7 98.Kg4 Kf8 99.Kh4 Nf5+
100.Kh5 Kg7 101.Bg6 Ne7 102.Be4 Nc8 103.Kg4 Kf8 104.Kf4 Ke7 105.Ke5 Nd6 106.Bd3 Ne8
107.Be4 Ng7 108.Bd5 Ne8 109.Bb3 Ng7 110.Bc4 Ne8 111.Be2 Nc7 112.Bg4 Ne8 113.Bh5 Nd6
114.Bg6 Nc4+ 115.Kd4 Nd2 116.Ke3 Nc4+ 117.Kd4 Nd2 118.Bh5 Kxe6 119.Kd3 Nf3
120.Bg4+ Ke5  1/2-1/2

[Event "GCT Blitz YourNextMove"]
[Site "Leuven BEL"]
[Date "2018.06.15"]
[Round "1.4"]
[White "Mamedyarov,S"]
[Black "Aronian,L"]
[Result "0-1"]
[WhiteElo "2808"]
[BlackElo "2764"]

1.d4 Nf6 2.Nf3 d5 3.e3 c5 4.b3 cxd4 5.exd4 g6 6.Bb2 Bg7 7.Nbd2 O-O 8.Bd3 Nc6
9.a3 Nh5 10.O-O Nf4 11.Bb5 Bg4 12.h3 Bh5 13.Bxc6 bxc6 14.Re1 c5 15.Qc1 c4
16.Re3 Rc8 17.Qe1 Bh6 18.Bc3 cxb3 19.cxb3 a5 20.Nf1 Bxf3 21.Rxf3 Ne6 22.Rd1 Qd6
23.a4 Bg7 24.Re3 Rb8 25.Bb2 Qb6 26.Nh2 Nxd4 27.Bxd4 Bxd4 28.Rxe7 Bc5 29.Re5 Qxb3
30.Rexd5 Rfe8 31.Qf1 Bb4 32.Ng4 Re6 33.Rd8+ Rxd8 34.Rxd8+ Kg7 35.Qa1+ Bc3
36.Rd3 Bxa1 37.Rxb3 Re1+ 38.Kh2 Re4 39.Ra3 Bd4 40.f3 Re1 41.Rd3 Bg1+ 42.Kg3 h5
43.Nh2 h4+ 44.Kxh4 Bxh2 45.Rd5 Re5 46.Rd3 Rh5+  0-1

[Event "GCT Blitz YourNextMove"]
[Site "Leuven BEL"]
[Date "2018.06.15"]
[Round "2.2"]
[White "Anand,V"]
[Black "Mamedyarov,S"]
[Result "1/2-1/2"]
[WhiteElo "2759"]
[BlackElo "2808"]

1.e4 c5 2.Nf3 Nf6 3.Nc3 d5 4.Bb5+ Bd7 5.Bxd7+ Qxd7 6.e5 Ng8 7.d4 e6 8.O-O Nc6
9.Ne2 cxd4 10.Nexd4 Nxd4 11.Nxd4 Ne7 12.Be3 Nc6 13.Nxc6 Qxc6 14.Qg4 a6 15.Rac1 Rc8
16.c3 Qc4 17.Qxc4 Rxc4 18.b3 Rc6 19.c4 dxc4 20.Rxc4 Rxc4 21.bxc4 Kd7 22.Rb1 Kc6
23.Rb6+ Kc7 24.c5 Be7 25.c6 Rb8 26.Kf1 a5 27.cxb7 Rxb7 28.Ra6 Rb1+ 29.Ke2 Rb2+
30.Kd3 Rxa2 31.Ra7+ Kd8 32.Ra8+ Kd7 33.Ra7+  1/2-1/2

[Event "GCT Blitz YourNextMove"]
[Site "Leuven BEL"]
[Date "2018.06.15"]
[Round "3.4"]
[White "Mamedyarov,S"]
[Black "Grischuk,A"]
[Result "1/2-1/2"]
[WhiteElo "2808"]
[BlackElo "2766"]

1.d4 Nf6 2.c4 g6 3.Nc3 Bg7 4.Nf3 O-O 5.Bg5 h6 6.Bd2 d6 7.Qc1 Kh7 8.h4 Nh5
9.e4 e5 10.d5 a5 11.Be2 Na6 12.g3 Nc5 13.Be3 Qe8 14.Bxc5 dxc5 15.Qe3 Qe7
16.O-O-O Ra6 17.Na4 b6 18.Nc3 Nf6 19.Nh2 Ne8 20.h5 g5 21.a4 Nd6 22.g4 Ra8
23.Nf1 Qf6 24.b3 Qf4 25.f3 Bd7 26.Kc2 Qxe3 27.Nxe3 Bf6 28.Bd3 Rfe8  1/2-1/2

[Event "GCT Blitz YourNextMove"]
[Site "Leuven BEL"]
[Date "2018.06.15"]
[Round "4.4"]
[White "Giri,A"]
[Black "Mamedyarov,S"]
[Result "1-0"]
[WhiteElo "2782"]
[BlackElo "2808"]

1.e4 e5 2.Nf3 Nc6 3.Bb5 a6 4.Ba4 Nf6 5.O-O Be7 6.Re1 d6 7.c3 Bg4 8.h3 Bh5
9.Bxc6+ bxc6 10.d4 Nd7 11.Be3 Rb8 12.b3 O-O 13.Nbd2 Re8 14.Rc1 Bf6 15.Qc2 h6
16.Qd3 Qc8 17.dxe5 Nxe5 18.Nxe5 Bxe5 19.Bd4 Bf4 20.Be3 Bxe3 21.Rxe3 Bg6 22.c4 a5
23.Qc3 a4 24.bxa4 Qa6 25.a5 Ra8 26.c5 Qxa5 27.Qxa5 Rxa5 28.cxd6 Rxa2 29.Nc4 cxd6
30.Nxd6 Rb8 31.f4 Bh5 32.g4 Bg6 33.f5 Bh7 34.Nc4 Re8 35.e5 g6 36.Nd6 Re7
37.Rxc6 Ra8 38.f6 Rd7 39.Rec3 Rdd8 40.Rc7 Rf8 41.e6 g5 42.Nxf7 Bg6 43.Nxh6+ Kh8
44.f7 Rfb8 45.e7  1-0

[Event "GCT Blitz YourNextMove"]
[Site "Leuven BEL"]
[Date "2018.06.15"]
[Round "5.1"]
[White "Mamedyarov,S"]
[Black "Vachier Lagrave,M"]
[Result "1/2-1/2"]
[WhiteElo "2808"]
[BlackElo "2789"]

1.d4 Nf6 2.Bg5 d5 3.Bxf6 gxf6 4.e3 c5 5.Nf3 Nc6 6.c4 cxd4 7.exd4 e5 8.Nc3 Bb4
9.cxd5 Qxd5 10.dxe5 Qxd1+ 11.Rxd1 Nxe5 12.Nxe5 fxe5 13.Bc4 Ke7 14.O-O Bxc3
15.bxc3 Be6 16.Bxe6 Kxe6 17.f4 Rhd8 18.Rde1 f6 19.fxe5 fxe5 20.Rf3 Rd2 21.Rfe3 Rxa2
22.Rxe5+ Kd6 23.Re6+ Kc5 24.Re7 Rg8 25.g3 h5 26.R1e5+ Kd6 27.R5e6+ Kd5 28.Re4 Rg5
29.c4+ Kc6 30.R4e6+ Kc5 31.Rxb7 Kxc4 32.Re4+ Kc5 33.Rc7+ Kd6 34.Ree7 Rb5
35.Rcd7+ Kc6 36.Rc7+ Kd6 37.Rcd7+  1/2-1/2

[Event "GCT Blitz YourNextMove"]
[Site "Leuven BEL"]
[Date "2018.06.15"]
[Round "6.5"]
[White "Caruana,F"]
[Black "Mamedyarov,S"]
[Result "1/2-1/2"]
[WhiteElo "2816"]
[BlackElo "2808"]

1.e4 c5 2.Nf3 Nf6 3.Nc3 d5 4.exd5 Nxd5 5.Bb5+ Bd7 6.Ne5 Bxb5 7.Qf3 f6 8.Nxb5 Na6
9.Qh5+ g6 10.Nxg6 hxg6 11.Qxh8 Qd7 12.Nc3 Nab4 13.O-O Nxc2 14.Rb1 O-O-O 15.Qh4 Nd4
16.Qe4 e6 17.d3 f5 18.Qe1 Bd6 19.Bg5 Rh8 20.f4 Nb4 21.Rd1 a6 22.h3 Kb8 23.Qf2 Rh5
24.Bf6 Nbc6 25.Rfe1 Qf7 26.Bxd4 cxd4 27.Ne2 e5 28.Rc1 Qd5 29.Qg3 e4 30.Qxg6 Rh8
31.Ng3 Bxf4 32.dxe4 Qe5 33.exf5 Be3+ 34.Kh1 Ne7 35.Qe6 Qxg3 36.f6 Nd5 37.f7 Nf4
38.Qd6+ Ka7 39.Qc5+ Ka8 40.f8=Q+ Rxf8 41.Qxf8+ Ka7 42.Qc5+ Ka8 43.Qc8+ Ka7
44.Qg4 Qf2 45.Rcd1 Nd3 46.Qe2 Nxe1 47.Rxe1 Qg3 48.Rf1 Bf4 49.Rxf4 Qxf4 50.Kg1 Qc1+
51.Kf2 Qf4+ 52.Qf3 Qd2+ 53.Qe2 Qf4+ 54.Qf3 Qd2+  1/2-1/2

[Event "GCT Blitz YourNextMove"]
[Site "Leuven BEL"]
[Date "2018.06.15"]
[Round "8.1"]
[White "Mamedyarov,S"]
[Black "So,W"]
[Result "1-0"]
[WhiteElo "2808"]
[BlackElo "2778"]

1.d4 Nf6 2.Nf3 d5 3.Nbd2 Bf5 4.c4 c6 5.Qb3 Qb6 6.Nh4 Be4 7.e3 e6 8.Be2 Be7
9.Nxe4 dxe4 10.g3 c5 11.Bd2 cxd4 12.exd4 Nc6 13.Bc3 O-O-O 14.O-O-O Bb4 15.Ng2 Bxc3
16.bxc3 e5 17.d5 Nb8 18.Ne3 Nbd7 19.Kc2 Nc5 20.Qa3 Nfd7 21.Rb1 Qa6 22.Qxa6 Nxa6
23.Nf5 Nac5 24.Nd6+ Kc7 25.Nxf7 Rhf8 26.Nxd8 Kxd8 27.Rhf1 Rf6 28.f4 exf3
29.Rxf3 Ra6 30.Kb2 Nf6 31.Bd1 e4 32.Rf5 g6 33.Rf1 Ke7 34.Bc2 Ng4 35.Rbe1 Ne5
36.Bxe4 Nxc4+ 37.Kc1 Ne5 38.Bxg6 Rxa2 39.Bc2 Kd6 40.Kb1 Ra3 41.Rf6+ Kxd5
42.Rf5 Nd7 43.Kb2 Ra5 44.Rh5 Kd6 45.Rd1+ Kc6 46.Be4+ Kb6 47.Rh6+ Kc7 48.Rxh7 Kb6
49.Rhxd7  1-0

[Event "GCT Blitz YourNextMove"]
[Site "Leuven BEL"]
[Date "2018.06.15"]
[Round "9.1"]
[White "Karjakin,Sergey"]
[Black "Mamedyarov,S"]
[Result "1-0"]
[WhiteElo "2782"]
[BlackElo "2808"]

1.e4 e5 2.Nf3 Nc6 3.Bc4 Nf6 4.d3 h6 5.O-O d6 6.c3 g5 7.d4 g4 8.Nfd2 exd4
9.cxd4 Nxd4 10.Re1 Bg7 11.Nf1 Nc6 12.Nc3 Ne5 13.Bb3 O-O 14.Ng3 Re8 15.Bf4 Nh7
16.Qd2 Ng5 17.Kh1 Be6 18.Nd5 Ng6 19.Be3 c6 20.Nc3 Ne5 21.Rad1 Qe7 22.Qxd6 Qxd6
23.Rxd6 Rad8 24.Red1 Rxd6 25.Rxd6 b6 26.Nh5 c5 27.Nxg7 Kxg7 28.Kg1 Kf8 29.Bf4 Bxb3
30.axb3 Ng6 31.Be3 Nxe4 32.Bxh6+ Kg8 33.Rd1 Nd6 34.Nd5 Re6 35.Kf1 Nf5 36.Bd2 Nge7
37.Bc3 Kf8 38.Nf6 Nd4 39.Nxg4 Nec6 40.b4 Nb5 41.bxc5 Nxc3 42.bxc3 bxc5 43.Ne3 a5
44.Ra1 Re7 45.Ke2 Ra7 46.Ra4 Ke7 47.h4 Kd6 48.h5 Ne5 49.f4 Nd7 50.Nc4+ Ke6
51.g4 Nf6 52.Kf3 Rd7 53.Ne5 Rd1 54.Ke2 Rg1 55.Kf2 Rc1 56.Rxa5 Rxc3 57.Ra6+ Ke7
58.h6 Ne4+ 59.Ke2 Rh3 60.g5 f6 61.Nf3 c4 62.Ke3 Nd6 63.Kf2 Ne4+ 64.Ke2 c3
65.Rc6 Kf7 66.Rc4 c2 67.Rxc2 Ng3+ 68.Kf2 Nh5 69.Rc4 Kg6 70.f5+ Kxf5 71.Nh4+ Kxg5
72.h7  1-0

[Event "GCT Blitz YourNextMove"]
[Site "Leuven BEL"]
[Date "2018.06.16"]
[Round "10.1"]
[White "Aronian,L"]
[Black "Mamedyarov,S"]
[Result "1/2-1/2"]
[WhiteElo "2764"]
[BlackElo "2808"]

1.e4 e5 2.Nf3 Nc6 3.Bc4 Nf6 4.d3 h6 5.O-O d6 6.Nc3 Na5 7.Bb5+ c6 8.Ba4 b5
9.Bb3 Be7 10.Ne2 O-O 11.Ng3 Re8 12.Bd2 Bf8 13.Re1 Qc7 14.Bxa5 Qxa5 15.a4 Qb6
16.Nh4 d5 17.axb5 dxe4 18.bxc6 exd3 19.Qxd3 Bc5 20.Rf1 e4 21.Qc3 e3 22.Nhf5 exf2+
23.Kh1 Be6 24.Nxh6+ Kf8 25.Nhf5 Bxb3 26.cxb3 Rac8 27.Nxg7 Bd4 28.Qd2 Be3
29.Qd6+ Kxg7 30.Nf5+ Kg6 31.Nh4+ Kg7 32.Nf5+ Kg6 33.Nh4+ Kg7  1/2-1/2

[Event "GCT Blitz YourNextMove"]
[Site "Leuven BEL"]
[Date "2018.06.16"]
[Round "11.2"]
[White "Mamedyarov,S"]
[Black "Anand,V"]
[Result "1/2-1/2"]
[WhiteElo "2808"]
[BlackElo "2759"]

1.d4 Nf6 2.c4 e6 3.Nc3 Bb4 4.Qc2 d5 5.a3 Bxc3+ 6.Qxc3 dxc4 7.Qxc4 b6 8.Nf3 Ba6
9.Qc2 h6 10.Bf4 O-O 11.Rd1 Nbd7 12.g3 Rc8 13.Bg2 Nd5 14.O-O c5 15.Bd6 cxd4
16.Qd2 d3 17.exd3 Re8 18.Rc1 Qf6 19.Rfe1 Rxc1 20.Qxc1 Rc8 21.Qd2 Qf5 22.Rd1 Bb7
23.Re1 Qf6 24.Ne5 Nxe5 25.Bxe5 Qg5 26.f4 Qd8 27.b4 Qd7 28.Qb2 f6 29.Bd4 Ba8
30.h4 Nc7 31.Bh3 Rd8 32.Bxf6 gxf6 33.Qxf6 Qd4+ 34.Qxd4 Rxd4 35.Bxe6+ Nxe6
36.Rxe6 Bd5 37.Rxh6 Rxd3 38.Rg6+ Kf7 39.h5 Rxa3 40.f5 Be4 41.g4 Rf3 42.h6 Bxf5
43.Rg7+ Kf6 44.gxf5 Rh3 45.Rxa7 Rxh6  1/2-1/2

[Event "GCT Blitz YourNextMove"]
[Site "Leuven BEL"]
[Date "2018.06.16"]
[Round "12.5"]
[White "Grischuk,A"]
[Black "Mamedyarov,S"]
[Result "1-0"]
[WhiteElo "2766"]
[BlackElo "2808"]

1.e4 e5 2.Nf3 Nc6 3.Bb5 g6 4.d4 exd4 5.c3 a6 6.Bc4 Bg7 7.cxd4 d6 8.O-O Nf6
9.Nc3 O-O 10.d5 Ne5 11.Nxe5 dxe5 12.Be3 Ne8 13.Rc1 Nd6 14.Be2 f5 15.f3 h5
16.exf5 Bxf5 17.Bd3 Kh7 18.Ne4 Bxe4 19.Bxe4 Rf7 20.Qd2 Qd7 21.Qd3 Nf5 22.Bf2 Qb5
23.Rc4 Bf8 24.a4 Qd7 25.g4 hxg4 26.fxg4 Ne7 27.h3 Rd8 28.Bh4 Rf4 29.Rxf4 exf4
30.Bxe7 Bxe7 31.Bxg6+ Kg7 32.Rxf4 Bc5+ 33.Kf1 Rf8 34.Rxf8 Bxf8 35.Bf5 Qd6
36.Qd4+ Kf7 37.Be6+ Ke8 38.Qf6 c6 39.Bf7+ Kd7 40.Qe6+ Kc7 41.Qxd6+ Kxd6 42.dxc6 bxc6
43.Kf2 Ke5 44.Kg3 Bd6 45.Be8 c5 46.Kh4 c4 47.Bf7 Kd4 48.Kg5 Kd3 49.h4 Be7+
50.Kh5 Bf6 51.g5 Bxb2 52.Kg4 c3 53.Bg6+ Kd2 54.h5 c2 55.Bxc2 Kxc2 56.h6 Bc1
57.Kh5 Kb3 58.g6  1-0

[Event "GCT Blitz YourNextMove"]
[Site "Leuven BEL"]
[Date "2018.06.16"]
[Round "13.4"]
[White "Mamedyarov,S"]
[Black "Giri,A"]
[Result "1/2-1/2"]
[WhiteElo "2808"]
[BlackElo "2782"]

1.d4 Nf6 2.Nf3 d5 3.Nbd2 c5 4.dxc5 e6 5.b4 a5 6.c3 axb4 7.cxb4 b6 8.cxb6 Bxb4
9.Rb1 Qxb6 10.a3 Bxd2+ 11.Bxd2 Qa7 12.e3 O-O 13.Bd3 Ba6 14.Bb4 Rc8 15.O-O Nc6
16.Bxa6 Qxa6 17.Nd4 Ne5 18.h3 Ne4 19.Rc1 Rxc1 20.Qxc1 Nc4 21.Nc2 h6 22.Qa1 Ncd2
23.Bxd2 Nxd2 24.Rd1 Ne4 25.f3 Nd6 26.Qd4 Qc6 27.Nb4 Qa4 28.Ra1 Nf5 29.Qd3 Qa7
30.Nxd5 exd5 31.Qxf5 Qxe3+ 32.Kh1 Rxa3 33.Qc8+ Kh7  1/2-1/2

[Event "GCT Blitz YourNextMove"]
[Site "Leuven BEL"]
[Date "2018.06.16"]
[Round "14.2"]
[White "Vachier Lagrave,M"]
[Black "Mamedyarov,S"]
[Result "0-1"]
[WhiteElo "2789"]
[BlackElo "2808"]

1.e4 e5 2.Nf3 Nc6 3.Bb5 g6 4.c3 a6 5.Ba4 Bg7 6.d4 exd4 7.cxd4 b5 8.Bb3 Nge7
9.O-O O-O 10.Nc3 d6 11.h3 Na5 12.Bc2 c5 13.dxc5 dxc5 14.Qxd8 Rxd8 15.Bg5 Re8
16.Rad1 Be6 17.Nd5 Nxd5 18.exd5 Bd7 19.b3 c4 20.Rfe1 cxb3 21.axb3 Rac8 22.Rxe8+ Bxe8
23.Re1 Bc3 24.Re2 f6 25.Bf4 Bf7 26.d6 Rd8 27.Nd2 Bb4 28.Ne4 Kg7 29.Re3 Rd7
30.h4 Nb7 31.Nxf6 Kxf6 32.Be5+ Ke6 33.Bc3+ Kxd6 34.Bxb4+ Kc7 35.Bc3 a5 36.h5 b4
37.Be5+ Kb6 38.h6 Nc5 39.Rf3 a4 40.bxa4 b3 41.Rf6+ Ka5 42.Rc6 Kb4 43.Bxb3 Nxb3
44.Kh2 Kxa4 45.Kg3 Kb5 46.Rd6 Rxd6 47.Bxd6 Kc6 48.Ba3 Kd5 49.Kf4 Nd4 50.Bb2 Ne6+
51.Ke3 Be8 52.f4 Bd7 53.g4 Nc5 54.f5 gxf5 55.gxf5 Bxf5 56.Ba3 Ne6 57.Bc1 Bg6
58.Kf3 Ke5 59.Kg4 Bf5+ 60.Kh5 Kf6 61.Bb2+ Kf7 62.Be5 Bc2 63.Bb2 Bd1+ 64.Kh4 Kg6
65.Bc1 Nd4  0-1

[Event "GCT Blitz YourNextMove"]
[Site "Leuven BEL"]
[Date "2018.06.16"]
[Round "15.5"]
[White "Mamedyarov,S"]
[Black "Caruana,F"]
[Result "1/2-1/2"]
[WhiteElo "2808"]
[BlackElo "2816"]

1.d4 Nf6 2.c4 e6 3.Nc3 Bb4 4.Qc2 O-O 5.Nf3 c5 6.e3 b6 7.Bd3 Bb7 8.Bd2 cxd4
9.Nxd4 Nc6 10.Nxc6 Bxc6 11.a3 Be7 12.e4 Qc7 13.f4 d6 14.O-O-O Rac8 15.Rhe1 Nd7
16.Kb1 Nc5 17.Be2 Bf6 18.Bf3 a6 19.g4 b5 20.cxb5 axb5 21.g5 Bd4 22.Ne2 e5
23.Bb4 Ne6 24.Bg4 Bf2 25.Rf1 Qb7 26.Nc3 Bd4 27.Bxe6 fxe6 28.Qb3 Bxc3 29.Qxe6+ Kh8
30.Bxc3 Bxe4+ 31.Ka1 d5 32.fxe5 Bf3 33.Bb4 Rfe8 34.Qf5 Bxd1 35.Rxd1 Qc6 36.h4 Qc4
37.g6 Qe4 38.Qxe4 dxe4 39.Bd6 hxg6 40.Re1 Rc4 41.b3 Rd4 42.Kb2 Rc8 43.b4 Rd2+
44.Kb3 Rd3+ 45.Kb2 Rc4 46.Bc5 Rd2+ 47.Kb3 Rdc2 48.Re3 Kg8 49.e6 Rc1 50.a4 bxa4+
51.Kxa4 Rf1 52.Kb5 Rcc1 53.Rxe4 Rce1 54.Be3 Kf8 55.Kc6 Ke8 56.Kd5 Rf3 57.Bd4 Rxe4
58.Kxe4 Rh3 59.b5 Rxh4+ 60.Kd5 Rh1 61.b6 Rb1 62.Kc6 Ke7 63.b7 Rxb7  1/2-1/2

[Event "GCT Blitz YourNextMove"]
[Site "Leuven BEL"]
[Date "2018.06.16"]
[Round "17.1"]
[White "So,W"]
[Black "Mamedyarov,S"]
[Result "0-1"]
[WhiteElo "2778"]
[BlackElo "2808"]

1.d4 d6 2.Nf3 g6 3.c4 Bg7 4.Nc3 Bg4 5.e3 Nc6 6.Be2 Nf6 7.h3 Bf5 8.d5 Nb8
9.Nd4 Bd7 10.O-O c5 11.dxc6 Nxc6 12.b3 O-O 13.Bb2 Rc8 14.Qd2 Qa5 15.Rfd1 Rfd8
16.Bf3 Qg5 17.Kf1 Qh4 18.Kg1 Qg5 19.Kf1 h5 20.Nd5 Nxd5 21.Bxd5 e6 22.Bf3 a6
23.Ne2 Bxb2 24.Qxb2 Be8 25.Ng3 Qe7 26.Ne4 f5 27.Nf6+ Kf7 28.Nxe8 Rxe8 29.Rd2 Red8
30.Rad1 b5 31.Qa3 bxc4 32.bxc4 Ne5 33.Be2 Rc6 34.Rd4 Qc7 35.f4 Nxc4 36.Bxc4 Rxc4
37.Rxd6 Rxd6 38.Qxd6 Qxd6 39.Rxd6 Ra4 40.Rd2 h4 41.Kf2 Ra3 42.Kf3 Kf6 43.Re2 g5
44.fxg5+ Kxg5 45.g3 e5 46.gxh4+ Kxh4 47.Kg2 a5 48.Rf2 Kg5 49.Re2 a4 50.Kg3 f4+
51.Kf2 fxe3+ 52.Rxe3 Rxa2+ 53.Kf3 Kf5 54.Rc3 a3 55.h4 Ra1 56.Kg2 a2 57.Ra3 e4
58.h5 Kg5  0-1

[Event "GCT Blitz YourNextMove"]
[Site "Leuven BEL"]
[Date "2018.06.16"]
[Round "18.5"]
[White "Mamedyarov,S"]
[Black "Karjakin,Sergey"]
[Result "1-0"]
[WhiteElo "2808"]
[BlackElo "2782"]

1.d4 Nf6 2.c4 e6 3.Nc3 Bb4 4.Qc2 d6 5.Nf3 Nbd7 6.g3 b6 7.Bg2 Bb7 8.O-O Bxc3
9.Qxc3 O-O 10.Rd1 Qe8 11.b3 Ne4 12.Qc2 Nef6 13.Bb2 Be4 14.Qc3 a5 15.a3 Qe7
16.Bf1 h6 17.Nd2 Bb7 18.Qc2 e5 19.d5 c5 20.e4 Rfe8 21.Bd3 Nf8 22.Nf1 g5 23.Ne3 Bc8
24.f3 Nh5 25.Kf2 Qf6 26.Rh1 g4 27.Be2 Nh7 28.h4 gxf3 29.Bxf3 Qg6 30.Rag1 N7f6
31.Qe2 Ng7 32.Qd3 h5 33.Rf1 Ng4+ 34.Bxg4 Bxg4 35.Kg2 Rf8 36.Nxg4 hxg4 37.h5 Nxh5
38.Bc1 f6 39.Rf5 Ng7 40.Rh6 Qe8 41.Rf1 a4 42.Qe2 Qd7 43.bxa4 f5 44.Rg6 Kh7
45.Rg5 f4 46.gxf4 exf4 47.Bxf4 Kg8 48.e5 Qe7 49.Rxg4 Rf5 50.Bh6 Rxe5 51.Qf3 Re2+
52.Kh1 Qe5 53.Rxg7+ Kh8 54.Qf8+  1-0

[Event "GCT Rapid Paris 2018"]
[Site "Paris FRA"]
[Date "2018.06.20"]
[Round "1.1"]
[White "Mamedyarov,S"]
[Black "Anand,V"]
[Result "1/2-1/2"]
[WhiteElo "2808"]
[BlackElo "2759"]

1.d4 Nf6 2.c4 e6 3.Nf3 d5 4.Nc3 Be7 5.Bf4 O-O 6.e3 c5 7.dxc5 Bxc5 8.Qc2 Nc6
9.Rd1 Qa5 10.a3 Re8 11.Nd2 e5 12.Bg5 Nd4 13.Qb1 Bf5 14.Bd3 Bxd3 15.Qxd3 Ne4
16.Nxd5 Nxg5 17.exd4 Bxd4 18.b4 Qd8 19.Qb3 Ne6 20.O-O Qd7 21.Nf3 f6 22.a4 Rac8
23.a5 Kh8 24.g3 Qc6 25.Rc1 b6 26.axb6 axb6 27.Rfe1 Rcd8 28.b5 Qb7 29.h4 Bc5
30.Qb1 Nc7 31.Rcd1 Nxd5 32.cxd5 Rxd5 33.Qe4 Red8 34.Kg2 Qd7 35.Ra1 f5 36.Qc4 e4
37.Ng5 h6 38.Nh3 Rd4 39.Qb3 Rd3 40.Qc4 Qb7 41.Qe6 R3d6 42.Qxf5 e3+ 43.Qf3 Qxf3+
44.Kxf3 exf2 45.Re2 Rd2 46.Rxd2 Rxd2 47.Rf1 Kg8 48.Nxf2 Rxf2+ 49.Rxf2 Bxf2
50.Kxf2 Kf7 51.Ke3 Ke6 52.Ke4 Kd6 53.Kf5 Kc5 54.Kg6 Kxb5 55.Kxg7 Kc6 56.Kxh6 b5
57.Kg7 b4  1/2-1/2

[Event "GCT Rapid Paris 2018"]
[Site "Paris FRA"]
[Date "2018.06.20"]
[Round "2.2"]
[White "Mamedyarov,S"]
[Black "So,W"]
[Result "1-0"]
[WhiteElo "2808"]
[BlackElo "2778"]

1.d4 Nf6 2.c4 e6 3.Nf3 d5 4.Nc3 c5 5.cxd5 cxd4 6.Qxd4 exd5 7.e4 Nc6 8.Bb5 dxe4
9.Qxd8+ Kxd8 10.Ng5 Be6 11.O-O Bb4 12.Ncxe4 Nxe4 13.Nxe4 Ke7 14.Bxc6 bxc6
15.Be3 Bd5 16.Bc5+ Kd7 17.Nf6+ gxf6 18.Bxb4 Rae8 19.f3 Re2 20.Rf2 Rhe8 21.b3 f5
22.Rd1 a6 23.Rd4 h5 24.Kf1 Rxf2+ 25.Kxf2 f6 26.Bc3 Ra8 27.Rh4 Bf7 28.Bxf6 c5
29.Ra4 Kc6 30.Bc3 Kb5 31.h4 Be6 32.Ra5+ Kb6 33.b4 cxb4 34.Bxb4 Rc8 35.a3 Rc2+
36.Kg3 Re2 37.Rc5 Bd7 38.Rd5 Kc7 39.Rd4 Re6 40.Rd2 Bb5 41.Kf4 Re2 42.Rxe2 Bxe2
43.Kg5 Bf1 44.Kxh5 f4 45.Kg4 Bxg2 46.h5 Bf1 47.h6 Bd3 48.Kg5 Kc6 49.Kf6 Kd5
50.Kg7 Bf5 51.Bd2  1-0

[Event "GCT Rapid Paris 2018"]
[Site "Paris FRA"]
[Date "2018.06.20"]
[Round "3.2"]
[White "Kramnik,V"]
[Black "Mamedyarov,S"]
[Result "1-0"]
[WhiteElo "2792"]
[BlackElo "2808"]

1.Nf3 Nf6 2.g3 d5 3.Bg2 e6 4.O-O Be7 5.c4 O-O 6.b3 c5 7.cxd5 Nxd5 8.Bb2 Nc6
9.d4 cxd4 10.Nxd4 Nxd4 11.Qxd4 Bf6 12.Qd2 Nf4 13.gxf4 Qxd2 14.Nxd2 Bxb2 15.Rab1 Bf6
16.Rbc1 Rd8 17.Ne4 Be7 18.Rc7 Kf8 19.Rfc1 Rb8 20.e3 h6 21.Bf3 a5 22.Kg2 g5
23.fxg5 hxg5 24.h3 f5 25.Nc5 b6 26.Na4 Bd6 27.Rh7 Kg8 28.Ra7 Be5 29.Rc6 Rd6
30.Rxd6 Bxd6 31.Nc3 b5 32.Rxa5 b4 33.Nb5 Bc5 34.Nd4 Bxd4 35.exd4 Kf7 36.Ra7+ Kf6
37.Rc7 Ba6 38.d5 Bb7 39.d6 Bxf3+ 40.Kxf3 Rd8 41.Rb7 Rxd6 42.Rxb4 e5 43.a4 e4+
44.Ke2 Ke5 45.a5 f4 46.Ra4 f3+ 47.Ke1 Rc6 48.a6 Rc1+ 49.Kd2 Rf1  1-0

[Event "GCT Rapid Paris 2018"]
[Site "Paris FRA"]
[Date "2018.06.21"]
[Round "4.1"]
[White "Mamedyarov,S"]
[Black "Aronian,L"]
[Result "0-1"]
[WhiteElo "2808"]
[BlackElo "2764"]

1.d4 Nf6 2.c4 e6 3.Nc3 Bb4 4.Qc2 O-O 5.a3 Bxc3+ 6.Qxc3 d5 7.Bg5 h6 8.Bxf6 Qxf6
9.Nf3 c6 10.h4 dxc4 11.g4 Qe7 12.g5 h5 13.Qxc4 Nd7 14.e3 c5 15.Be2 b6 16.dxc5 Nxc5
17.b4 Nd7 18.Rd1 a5 19.O-O axb4 20.Qxb4 Nc5 21.Qxb6 Ba6 22.Bxa6 Rxa6 23.Qb5 Rfa8
24.Rc1 Ra5 25.Qc6 e5 26.g6 Ne6 27.Nxe5 fxg6 28.Rfd1 Kh7 29.Nf3 Qf6 30.Rd6 R8a6
31.Qd7 Rxd6 32.Qxd6 Qxf3 33.Qxe6 Rf5 34.Qa2 Qg4+ 35.Kf1 Qh3+ 36.Ke1 Qh1+
37.Kd2 Rxf2+ 38.Kd3 Qxh4 39.Qd5 Qa4 40.Rc3 Qd1+ 41.Kc4 Rd2 42.Qc6 h4 43.e4 Qf1+
44.Kb3 h3 45.Qc4 Qxc4+ 46.Kxc4 h2 47.Rh3+ Kg8 48.Kc3 Ra2 49.Kb3 Rf2 50.a4 g5
51.a5 g4  0-1

[Event "GCT Rapid Paris 2018"]
[Site "Paris FRA"]
[Date "2018.06.21"]
[Round "5.2"]
[White "Karjakin,Sergey"]
[Black "Mamedyarov,S"]
[Result "1-0"]
[WhiteElo "2782"]
[BlackElo "2808"]

1.e4 e5 2.Nf3 Nc6 3.Bc4 Nf6 4.d3 h6 5.O-O d6 6.c3 g5 7.a4 Bg7 8.Re1 O-O 9.h3 d5
10.exd5 Nxd5 11.Nbd2 a6 12.Ne4 Nf4 13.a5 b5 14.axb6 cxb6 15.b4 Ne7 16.d4 Qc7
17.Bxf4 gxf4 18.Qe2 exd4 19.cxd4 Nf5 20.Rac1 Qd8 21.Qd2 Nxd4 22.Qxf4 Nxf3+
23.Qxf3 Bb7 24.Qf5 Bxe4 25.Qxe4 a5 26.bxa5 bxa5 27.Re3 Rc8 28.Qf5 Rc7 29.Rg3 Qd6
30.Kh2 Rd8 31.Rc3 Kf8 32.Qh7 Qe5 33.Re3 Qa1 34.Rg4 Be5+ 35.g3 Bg7 36.Rf4 Rd1
37.Qe4 Bf6 38.h4 h5 39.Qa8+ Rd8 40.Qf3 Rd6 41.Qxh5 Rd2 42.Bxf7 Rxf7 43.Qh6+  1-0